000 00345nam a2200133 4500
999 _c108751
_d108751
005 20220127115816.0
008 181107b ||||| |||| 00| 0 eng d
040 _cPK-LaUMT
082 _a348.54026
_bALL-
245 _aAll India reporter [AIR, 2000, Vol.87] /
260 _aNagpur :
_bS. W. Chitaley,
_c2000
300 _a9 vols.
942 _cLPJ